书目信息 |
| 题名: |
英语专业3级水平测试习题集
|
|
| 作者: | 陆远 主编 ;刘颖 , 方薇 , 徐永 编著 | |
| 分册: | ||
| 出版信息: | 上海 上海外语教育出版社 2005.10 |
|
| 页数: | 233页 | |
| 开本: | 26cm | |
| 丛书名: | 外教社英语专业水平测试系列 | |
| 单 册: | ||
| 中图分类: | H31 | |
| 科图分类: | ||
| 主题词: | 英语--ying yu--高等学校--水平考试--习题 | |
| 电子资源: | ||
| ISBN: | 7-81095-606-X | |
| 000 | 01457nam 2200301 450 | |
| 001 | 012006689983 | |
| 005 | 20060627095614.60 | |
| 010 | @a7-81095-606-X@dCNY20.00 | |
| 100 | @a20060613d2005 km y0chiy0120 ea | |
| 101 | 0 | @achi@aeng |
| 102 | @aCN@b310000 | |
| 105 | @ay z 000yy | |
| 200 | 1 | @a英语专业3级水平测试习题集@Aying yu zhuan ye 3 ji shui ping ce shi xi ti ji@d= A graded workbook for English majors : grade 3@f陆远主编@Flu yuan zhu bian@g刘颖, 方薇, 徐永编著@Gliu ying,fang wei,xu yong bian zhu@zeng |
| 205 | @a第2版 | |
| 210 | @a上海@c上海外语教育出版社@d2005.10 | |
| 215 | @a233页@d26cm | |
| 225 | 2 | @a外教社英语专业水平测试系列@Awai jiao she ying yu zhuan ye shui ping ce shi xi lie |
| 330 | @a本书根据《高等学校英语专业英语教学大纲》和《高校英语专业四、八级考试大纲》的要求精心设计和编写。 编写者系上海外国语大学、复旦大学、南京大学和华东师范大学等重点高校的资深教授、语言测试专家和英语专业考试命题组成员。 内容由浅入深, 词汇量和总体难度逐级增加, 便于学生自我检测各学期学习效果, 确认是否已达到英语专业教学大纲所规定的四、六、八级水平。 | |
| 410 | 0 | @12001 @a外教社英语专业水平测试系列 |
| 510 | 1 | @aGraded workbook for English majors : grade 3@zeng |
| 606 | 0 | @a英语@Aying yu@x高等学校@x水平考试@j习题 |
| 690 | @aH31@v4 | |
| 701 | 0 | @a陆远@Alu yuan@4主编 |
| 702 | 0 | @a刘颖@Aliu ying@4编著 |
| 702 | 0 | @a方薇@Afang wei@4编著 |
| 702 | 0 | @a徐永@Axu yong@4编著 |
| 801 | 0 | @aCN@bQSSK@c20060627 |
| 905 | @a10447@dH31@eL865 | |
| 英语专业3级水平测试习题集= A graded workbook for English majors : grade 3/陆远主编/刘颖, 方薇, 徐永编著.-第2版.-上海:上海外语教育出版社,2005.10 |
| 233页;26cm.-(外教社英语专业水平测试系列) |
| ISBN 7-81095-606-X:CNY20.00 |
| 本书根据《高等学校英语专业英语教学大纲》和《高校英语专业四、八级考试大纲》的要求精心设计和编写。 编写者系上海外国语大学、复旦大学、南京大学和华东师范大学等重点高校的资深教授、语言测试专家和英语专业考试命题组成员。 内容由浅入深, 词汇量和总体难度逐级增加, 便于学生自我检测各学期学习效果, 确认是否已达到英语专业教学大纲所规定的四、六、八级水平。 |
| ● |
| 相关链接 |
|
|
|
正题名:英语专业3级水平测试习题集
索取号:H31/L865
 
预约/预借
| 序号 | 登录号 | 条形码 | 馆藏地/架位号 | 状态 | 备注 |
| 1 | 586843 | 205868435 | 语言库209/209语言库 84排3列5层/ [索取号:H31/L865] | 在馆 | |
| 2 | 586844 | 205868444 | 语言库209/209语言库 84排3列5层/ [索取号:H31/L865] | 在馆 | |
| 3 | 586845 | 205868453 | 语言库209/209语言库 84排3列5层/ [索取号:H31/L865] | 在馆 | |
| 4 | 586846 | 205868462 | 语言库209/209语言库 84排3列5层/ [索取号:H31/L865] | 在馆 | |
| 5 | 586847 | 205868471 | 语言库209/209语言库 84排3列5层/ [索取号:H31/L865] | 在馆 |